000 00535nam a2200193 a 4500
001 1763014519774
003 YourLibrary
005 20251113114632.0
008 251113s2002##################000#0#eng##
020 _a0710307306
082 0 4 _a615.32109
_bBUD
100 1 _aBudge, Sir Ernest Alfred Wallis,
_eauthor.
245 1 0 _aThe Divine Origin of the Craft of the Herbalist :
260 _bRoutledge,
_c2002.
300 _a110 pages
650 0 _aHealth & Fitness.
942 _cENGLISH
040 _aYourLibrary
_beng
_cYourLibrary
999 _c597374
_d597374